000 00347nam a2200145 a 4500
008 001030s1966||||xx 0 und c
040 _aSNK
_bslo
_cSNK
_eAACR2
100 1 _aMoravia, Alberto
245 1 0 _aNové rímske poviedky
260 _a Bratislava
_bTatran
_c1966
300 _a231 s.
041 _aslo
044 _axo
_cSK
020 _c17,50
999 _c12286
_d12286